Statistics for Countries That Export the Most Magnets

Click here to take the quiz!

General Stats

  • This quiz has been taken 13 times
  • The average score is 13 of 16

Answer Stats

% of World's
Exported Magnets
Country% Correct
40.5%China
100%
10.9%Japan
100%
2.9%South Korea
100%
1.6%United Kingdom
100%
3.8%United States
100%
2.5%France
92%
11.1%Germany
92%
1.68%Italy
85%
1.15%Taiwan
85%
1.2%Malaysia
77%
1.13%Thailand
77%
2.8%Vietnam
77%
1.4%Netherlands
69%
2.49%Philippines
69%
1.74%Switzerland
62%
1.07%Czech Republic
38%

Score Distribution

Percentile by Number Answered

Percent of People with Each Score

Your Score History

You have not taken this quiz